Theaterfreuden in Brünn

Hlavní autor: Korn, W.
Jazyk: Němčina
Vydáno: in Berlin : Verlag des Lith. Instituts von W. Korn & Co., [1866]
Témata:
Externí odkaz: Digitalizovaný dokument
Fyzický popis: 1 list : litografie, barev., podlepená papírem ; 18 x 21,5 cm
Grafika
Uloženo v:
LEADER 00994nkm a2200277 a 4500
001 mzk03001083486
003 CZ BrMZK
005 20160317090328.0
007 kj co|
008 101025s1866 gw ||| f || k|gerod
040 |a BOA001  |b cze 
072 7 |a 76  |x Grafické umění. Grafika  |2 Konspekt  |9 21 
080 |a (0.026.6)76  |2 MRF 
100 1 |a Korn, W.  |4 aut 
245 1 0 |a Theaterfreuden in Brünn  |h [grafika] 
260 |a in Berlin :  |b Verlag des Lith. Instituts von W. Korn & Co.,  |c [1866] 
300 |a 1 list :  |b litografie, barev., podlepená papírem ;  |c 18 x 21,5 cm 
500 |a Podlepeno papírem o velikosti 31,5 x 39 cm 
500 |a Na zadní straně číslo: No. 54 
561 |a Provenience: [slepotiskové razítko] W 
655 7 |a grafické listy  |7 fd132404  |2 czenas 
856 4 1 |u http://www.digitalniknihovna.cz/mzk/uuid/uuid:7e5dfad2-4e92-462f-a7fc-10402d68bc8f  |y Digitalizovaný dokument 
910 |a BOA001  |b Skř.1R-1248.851,88 
985 |a 1851-1900 
990 |a GP 
991 |k mzk